000
00283nam a2200109Ia 4500
008
230907s9999||||xx |||||||||||||| ||und||
082
_a
532
_b
VER
245
3
_a
An introduction to computational fluid dynamics :
260
_a
Pearson,
_b
Noida :
_c
2018
300
_a
503 p.
942
_c
BK
999
_c
600216
_d
600216